Questo giorno nella storia: Gennaio - Statistics

Statistiche generali
  • Questo quiz è stato fatto 130 volte
  • Il punteggio medio è 19 su 31
Statistiche sulle risposte
GIORNO ANNO DOMANDA RISPOSTA % Corretto
1 gennaio 2002 Questa moneta è entrata per la prima volta in circolazione Euro
100%
20 gennaio 2009 Quest'uomo diventa il primo presidente di colore degli Usa Obama
79%
10 gennaio 49 BC Questo generale attraversa il Rubicone Cesare/Giulio
78%
4 gennaio 2010 Il Burj Khalifa viene inaugurato in questa città Dubai
78%
15 gennaio 2001 Nasce su internet la più famosa enciclopedia libera Wikipedia
78%
31 gennaio 1951 Si tiene la prima edizione del più importante festival italiano della musica Sanremo
77%
2 gennaio 1492 I Cristiani liberano Granada, facendo scappare gli Arabi da questa nazione Spagna
77%
29 gennaio 1933 Diventa cancelliere in Germania questo futuro dittatore Hitler
76%
21 gennaio 1793 Questo mezzo viene utilizzato per uccidere Luigi XVI di Francia Ghigliottina
74%
16 gennaio 27 BC Quest'uomo diviene primo imperatore di Roma Augusto/Ottaviano
70%
30 gennaio 1969 Questa band si esibisce per l'ultima volta dal vivo Beatles
70%
27 gennaio 1302 La città di Firenze condanna questo famosa scrittore Dante
68%
9 gennaio 1349 Residenti ebrei a Basilea, in Svizzera, vengono massacrati dopo essere stati accusati di questa pandemia Peste
68%
22 gennaio 1901 Regina inglese che muore dopo più di 60 anni di regno Vittoria
68%
7 gennaio 1610 Scienziato che scoprì le lune di Giove (cognome) Galilei
65%
3 gennaio 1959 Questo stato diventa il 49 esimo degli Usa Alaska
63%
25 gennaio 1533 Questa donna diviene la seconda moglie di Enrico VIII Anna Bolena/Bolena
62%
13 gennaio 1953 Maresciallo che diventa presidente della Iugoslavia Tito
61%
19 gennaio 1941 Le truppe britanniche attaccano questa colonia italiana Eritrea
52%
26 gennaio 1986 Viene avvistata questa famosa cometa Halley
51%
14 gennaio 1943 Primo presidente americano a viaggiare su un aeroplano Roosevelt/Franklin
49%
5 gennaio 1914 Questa azienda manifatturiera raddoppia lo stipendio a 5 dollari al giorno Ford
47%
28 gennaio 1998 Volvo viene acquistata da questa azienda automobilistica Ford
47%
17 gennaio 1819 Simon Bolivar proclama l'indipendenza di questo stato Colombia
45%
23 gennaio 1368 Questa dinastia prende il potere in Cina Ming
45%
24 gennaio 41 Questo fanatico imperatore romano viene assassinato Caligola
44%
12 gennaio 2010 100.000 persone rimangono uccise a causa di un terremoto in questo stato Haiti
41%
11 gennaio 1964 Il chirurgo generale americano avverte che questa attività può essere pericolosa per la salute Fumare/Fumo
40%
18 gennaio 1778 Capitano inglese che scoprì le Hawaii Cook/James
36%
8 gennaio 1959 Primo presidente della Quinta Repubblica Francese De Gaulle
36%
6 gennaio 1066 Viene incoronato l'ultimo re anglosassone d'Inghilterra. Sarebbe stato ucciso nella battaglia di Hastings Aroldo
9%
Nessun quiz corrispondente trovato
Distribuzione punteggi
Percentuale di utenti per punteggio
Percentile per numero di risposta
I tuoi punteggi nel tempo
Non hai fatto questo quiz